Rocket league - Organization Money Ranking - Statistics

General Stats
  • This quiz has been taken 37 times
  • The average score is 16 of 30
Answer Stats
Earnings 1st Place 2nd Place 3rd Place Answer % Correct
$2,666,663 27 8 13 BDS
100%
$1,583,345 39 28 20 NRG
100%
$2,173,625 21 20 13 Vitality
100%
$2,172,447 39 28 21 G2
95%
$1,011,894 11 4 8 Karmine Corp
95%
$1,226,453 30 15 10 Falcons
85%
$1,136,861 21 15 10 Spacestation
80%
$936,600 13 6 14 Dignitas
75%
$1,324,200 18 8 7 FURIA
75%
$670,450 6 5 3 Gen.G
75%
$469,676 4 10 13 Oxygen
70%
$531,213 8 8 2 Rule One
55%
$618,691 11 7 7 Cloud9
50%
$507,121 3 6 4 Team Liquid
50%
$897,410 3 1 7 Version1
50%
$939,830 8 3 9 FaZe Clan
45%
$441,615 2 3 7 Moist Esports
45%
$297,262 8 12 14 Pioneers
45%
$467,922 3 7 12 Complexity
40%
$460,651 9 16 13 Team Envy
40%
$279,563 11 11 11 Team Secret
40%
$280,713 9 3 5 Team Queso
35%
$363,566 3 6 7 Endpoint
30%
$272,189 17 8 9 Renegades
25%
$477,520 6 8 13 Rogue
20%
$294,519 0 2 1 SMPR Esports
20%
$290,589 58 24 7 FlipSid3 Tactics
15%
$467,106 2 1 5 Guild Esports
15%
$269,750 9 9 5 Ghost Gaming
10%
$382,977 19 11 12 Ground Zero Gaming
10%
No matching quizzes found
Score Distribution
Percent of People with Each Score
Percentile by Number Answered
Your Score History
You have not taken this quiz